Açıklamalı Atatürk kaynakçası / (Record no. 14175)

MARC details
000 -BAŞLIK
Sabit Uzunlukta Kontrol Alanı 00908nam a22002177a 4500
999 ## - SİSTEM KONTROL NUMARALARI (KOHA)
Koha Biblionumber 14175
Koha Biblioitemnumber 14175
003 - KONTROL NUMARASI IDENTIFIER
Denetim Alanı MIRAKIL
005 - SON İŞLEM TARİHİ VE ZAMANI
Denetim Alanı 20201111161041.0
008 - SABİT-BOY VERİ ELEMANLARI - GENEL BİLGİLER
Sabit Uzunlukta Kontrol Alanı 201111b tu ||||| |||| 00| 0 tur d
040 ## - KATALOGLAMA KAYNAK
Orijinal Kataloglama Ajansı TR-AnCHP
Metne Dönüştürmek Ajansı TR-AnCHP
041 ## - DİL KODU
Metin / Ses Parça Veya Ayrı Başlığın Dil Kodu tur
082 ## - DEWEY ONLU SINIFLANDIRMA NUMARASI
Sınıflandırma Numarası ATA 016.923156
Ürün Numarası A12a 1981
100 ## - ANA GİRİŞ - KİŞİSEL İSİM
Kişisel Ad Acaroğlu, M. Türker
245 10 - BAŞLIK TABLOSU
Başlık Açıklamalı Atatürk kaynakçası /
Sorumluluk Tablosu, Vb M. Türker Acaroğlu
260 ## - YAYIN, DAĞITIM, VB
Yayın, Dağıtım, Vb Yeri Ankara:
Yayıncı, Dağıtıcı, Vs Adı Türkiye İş Bankası Kültür Yayınları,
Yayın, Dağıtım, Vb Tarihi 1981.
300 ## - FİZİKSEL TANIM
Kapsam 2 c.:
Boyutlar 19 sm.
490 0# - SERİSİ TABLOSU
Seri Beyanı Türkiye İş Bankası Kültür Yayınları;
-- Atatürk'ün doğumunun 100. yılı dizisi ;
Hacim / Ardışık Tanımı Genel Yayın: 227.
-- No: 7.
500 ## - GENEL NOT
Genel Not Atatürk, Kurtuluş Savaşı, Atatürk Devrimleri ve Türkiye Cumhuriyeti üzerine Türkçe ve yabancı dillerde yayınlanmış 500 seçme kitap İçermektedir.
600 14 - KONU KATMA GİRİŞ - KURUMSAL ADI
9 (RLIN) 1465
Kişisel Ad Atatürk, Gazi Mustafa Kemal
Bir Adıyla İlişkilendirilen Tarihler 1881-1938
Genel Alt Bölümü Kaynakça
942 ## - EKLENDİ GİRİŞ ELEMANLARI (KOHA)
Sınıflandırma Veya Raf Düzeni Kaynak Dewey Decimal Classification
Koha Öğesi Türü Books
999 ## - SİSTEM KONTROL NUMARALARI (KOHA)
Koha Biblioitemnumber 14175
Holdings
Kalıcı Konum Mevcut Konum Edinme Tarihi Toplam Check-Out'Lar Tam Çağrı Numarası Barkod Tarih Son Görülme Kopya Sayısı İtibaren Geçerli Fiyatlar Sigara Kamu Notu Koha Öğesi Türü
CHP Kütüphanesi CHP Kütüphanesi 11/11/2020   ATA 016.923156 A12a 1981 019701 11/11/2020 c.1 11/11/2020 Emine Başak Alkan Bağışıdır. Books
CHP Kütüphanesi CHP Kütüphanesi 11/11/2020   ATA 016.923156 A12a 1981 019702 11/11/2020 c.2 11/11/2020 Emine Başak Alkan Bağışıdır. Books